Online
Catalog
Normal view MARC view

Entry Nombre corporativo

Number of records used in: 2

001 - NÚMERO DE CONTROL

  • campo de control: 38292

003 - IDENTIFICADOR DEL NÚMERO DE CONTROL

  • campo de control: OSt

005 - FECHA Y HORA DE LA ÚLTIMA TRANSACCIÓN

  • campo de control: 20200615033640.0

008 - DATOS DE LONGITUD FIJA

  • campo de control de longitud fija: 200615|| aca||aabn | a|a d

040 ## - FUENTE DE LA CATALOGACIÓN

  • Centro catalogador/agencia de origen: OSt
  • Centro/agencia transcriptor: OSt

110 ## - ENCABEZAMIENTO-NOMBRE DE ENTIDAD CORPORATIVA

  • Nombre de entidad corporativa o nombre de jurisdicción como elemento de entrada: República Dominicana.
  • Unidad subordinada: Cámara de Cuenta de la República Dominicana

670 ## - FUENTE DE DATOS ENCONTRADOS

  • Cita de la fuente: Work cat.: (OSt)17068: República Dominicana. Cámara de Cuenta de la República Dominicana, Ley 10-04 de fecha 20 de enero 2004 de la cámara de cuentas de la República Dominicana ; Reglamento No. 06-04 de fecha 20 de septiembre 2004 para la aplicación de la ley No. 10-04 ; Resolución No. 09-04 de fecha 12 de octubre del 2004, para el procedimiento de contración de auditorías privadas independientes., 2004.

Powered by Koha